[Event "GBR-ch108 Senior 65+"]
[Site "Torquay"]
[Date "2022.08.17"]
[Round "3.4"]
[White "Jackson, Oliver A"]
[Black "Dennis, Nigel W"]
[Result "1-0"]
[WhiteElo "2066"]
[BlackElo "1814"]
[PlyCount "101"]
[EventDate "2022.08.15"]
[EventType "swiss"]
[EventRounds "7"]
[EventCountry "GBR"]
[SourceTitle "BritBase"]
[Source "John Saunders"]
[SourceDate "2021.06.05"]
[SourceVersion "1"]
[SourceVersionDate "2021.06.05"]
[SourceQuality "1"]
[WhiteTeam "England"]
[BlackTeam "England"]
[WhiteTeamCountry "ENG"]
[BlackTeamCountry "ENG"]

1. e4 c5 2. Nc3 Nc6 3. f4 d6 4. Nf3 g6 5. Bb5 Bg7 6. Bxc6+ bxc6 7. d3 Nf6 8.
O-O O-O 9. Qe1 Rb8 10. b3 Ne8 11. Bd2 Nc7 12. Rd1 Nb5 13. f5 gxf5 14. Nxb5 cxb5
15. Qh4 e6 16. Qh5 Qf6 17. Bg5 Qg6 18. Qxg6 fxg6 19. Be7 Rf7 20. Bxd6 Rbb7 21.
Bxc5 Rfc7 22. b4 a5 23. a3 a4 24. e5 Bd7 25. Rfe1 Bc6 26. Ng5 Bd7 27. c4 h6 28.
Nf3 Bf8 29. Bd6 Rc8 30. Rc1 Kf7 31. Nd4 Be7 32. cxb5 Rxc1 33. Rxc1 Bg5 34. Rc4
Be3+ 35. Kf1 Bxd4 36. Rxd4 Bxb5 37. Ke2 g5 38. g3 Rd7 39. Ke3 Rd8 40. Rc4 Bxc4
41. dxc4 Ke8 42. b5 Rd7 43. Kd4 Rb7 44. Kc5 Kd7 45. Bf8 h5 46. Bh6 g4 47. Kb4
Kc8 48. c5 Rd7 49. c6 Rd5 50. b6 Rxe5 51. b7+ 1-0

[Event "GBR-ch108 Senior 65+"]
[Site "Torquay"]
[Date "2022.08.17"]
[Round "3.6"]
[White "Thynne, Trefor F"]
[Black "Orton, Stephen L A"]
[Result "0-1"]
[WhiteElo "1884"]
[BlackElo "2116"]
[PlyCount "72"]
[EventDate "2022.08.15"]
[EventType "swiss"]
[EventRounds "7"]
[EventCountry "GBR"]
[SourceTitle "BritBase"]
[Source "John Saunders"]
[SourceDate "2021.06.05"]
[SourceVersion "1"]
[SourceVersionDate "2021.06.05"]
[SourceQuality "1"]
[WhiteTeam "England"]
[BlackTeam "England"]
[WhiteTeamCountry "ENG"]
[BlackTeamCountry "ENG"]

1. d4 Nf6 2. c4 g6 3. g3 Bg7 4. Bg2 d6 5. Nf3 O-O 6. O-O Nc6 7. d5 Na5 8. Nfd2
c5 9. Nc3 a6 10. Qc2 Rb8 11. b3 b5 12. Bb2 bxc4 13. bxc4 Ng4 14. Nd1 Ne5 15. f4
Rxb2 16. Nxb2 Ng4 17. Rf3 Bd4+ 18. Kh1 Ne3 19. Rxe3 Bxe3 20. Nf3 Bf5 21. Qc3
Qb6 22. Qxe3 Qxb2 23. Re1 Re8 24. Qd2 Nxc4 25. Qxb2 Nxb2 26. e4 Bd7 27. Rb1 Nd3
28. Nd2 Nb4 29. a3 Nc2 30. Nc4 Bb5 31. Rb2 Bxc4 32. Rxc2 Bd3 33. Rd2 c4 34. Bf3
Rc8 35. Rd1 c3 36. Rc1 c2 0-1

[Event "GBR-ch108 Senior 65+"]
[Site "Torquay"]
[Date "2022.08.17"]
[Round "3.7"]
[White "James, David J"]
[Black "Newton, Robert A"]
[Result "1/2-1/2"]
[WhiteElo "2100"]
[BlackElo "1976"]
[PlyCount "106"]
[EventDate "2022.08.15"]
[EventType "swiss"]
[EventRounds "7"]
[EventCountry "GBR"]
[SourceTitle "BritBase"]
[Source "John Saunders"]
[SourceDate "2021.06.05"]
[SourceVersion "1"]
[SourceVersionDate "2021.06.05"]
[SourceQuality "1"]
[WhiteTeam "Wales"]
[BlackTeam "England"]
[WhiteTeamCountry "WLS"]
[BlackTeamCountry "ENG"]

1. d4 Nf6 2. Nf3 g6 3. g3 Bg7 4. Bg2 d6 5. O-O c6 6. a4 b6 7. Re1 Qc7 8. e4 e5
9. Nc3 O-O 10. h3 Nbd7 11. Be3 Bb7 12. Qd2 Rfe8 13. Rad1 Rad8 14. Bg5 a6 15. d5
c5 16. Nh2 Rb8 17. Be3 Bc8 18. f4 Nh5 19. Qf2 b5 20. axb5 axb5 21. f5 b4 22.
Ne2 Ba6 23. Bf3 Ndf6 24. Ng4 gxf5 25. Nxf6+ Nxf6 26. exf5 e4 27. Bg2 Bxe2 28.
Rxe2 Qb7 29. Red2 Qe7 30. g4 Nd7 31. b3 Ra8 32. g5 Bc3 33. f6 Qf8 34. Re2 Ra1
35. Rxa1 Bxa1 36. Qf5 Ne5 37. Bxe4 Ng6 38. Qg4 Ra8 39. Bxg6 hxg6 40. Bf4 Bd4+
41. Kh2 Re8 42. Qf3 Rxe2+ 43. Qxe2 Qa8 44. Qe4 Kh7 45. Qe7 Qxd5 46. Qf8 Bg1+
47. Kxg1 Qd4+ 48. Kg2 Qe4+ 49. Kg3 Qe1+ 50. Kf3 Qd1+ 51. Ke3 Qe1+ 52. Kd3 Qf1+
53. Ke3 Qe1+ 1/2-1/2

[Event "GBR-ch108 Senior 65+"]
[Site "Torquay"]
[Date "2022.08.17"]
[Round "3.8"]
[White "Johnson, Richard J"]
[Black "Bonafont, Philip R"]
[Result "1/2-1/2"]
[WhiteElo "1828"]
[BlackElo "2001"]
[PlyCount "71"]
[EventDate "2022.08.15"]
[EventType "swiss"]
[EventRounds "7"]
[EventCountry "GBR"]
[SourceTitle "BritBase"]
[Source "John Saunders"]
[SourceDate "2021.06.05"]
[SourceVersion "1"]
[SourceVersionDate "2021.06.05"]
[SourceQuality "1"]
[WhiteTeam "England"]
[BlackTeam "England"]
[WhiteTeamCountry "ENG"]
[BlackTeamCountry "ENG"]

1. e4 e5 2. Nf3 Nc6 3. d4 exd4 4. Nxd4 Nf6 5. Nc3 Bb4 6. Nxc6 bxc6 7. Bd3 d5 8.
exd5 O-O 9. O-O Bg4 10. Ne2 cxd5 11. Bg5 Re8 12. c3 Bd6 13. Qc2 h6 14. Bh4 c5
15. f3 Bd7 16. Rfe1 Rb8 17. Bf2 c4 18. Bf5 Bxf5 19. Qxf5 Rxb2 20. Nd4 Bxh2+ 21.
Kf1 Rxe1+ 22. Rxe1 Qc7 23. Qh3 Bd6 24. Bh4 Qd7 25. Nf5 Bc5 26. Re5 Rb1+ 27. Ke2
Qa4 28. Nxh6+ gxh6 29. Qc8+ Bf8 30. Bxf6 Qc2+ 31. Ke3 Qc1+ 32. Kf2 Qg1+ 33. Kg3
Rb2 34. Qg4+ Kh7 35. Qf5+ Kg8 36. Qg4+ 1/2-1/2

[Event "GBR-ch108 Senior 65+"]
[Site "Torquay"]
[Date "2022.08.17"]
[Round "3.9"]
[White "Footner, Andrew F"]
[Black "Mildenhall, John"]
[Result "1/2-1/2"]
[WhiteElo "1995"]
[BlackElo "1898"]
[PlyCount "89"]
[EventDate "2022.08.15"]
[EventType "swiss"]
[EventRounds "7"]
[EventCountry "GBR"]
[SourceTitle "BritBase"]
[Source "John Saunders"]
[SourceDate "2021.06.05"]
[SourceVersion "1"]
[SourceVersionDate "2021.06.05"]
[SourceQuality "1"]
[WhiteTeam "England"]
[BlackTeam "England"]
[WhiteTeamCountry "ENG"]
[BlackTeamCountry "ENG"]

1. e4 c5 2. c3 Nf6 3. e5 Nd5 4. d4 cxd4 5. Nf3 e6 6. cxd4 Bb4+ 7. Bd2 Be7 8.
Nc3 Nxc3 9. bxc3 d5 10. exd6 Qxd6 11. Ne5 Nd7 12. Bf4 Qa3 13. Qc2 Nxe5 14. Bxe5
O-O 15. Bd3 f5 16. Rb1 Bf6 17. Bf4 Qe7 18. O-O g5 19. Bd2 Qd6 20. g4 Bd8 21. f4
h6 22. Rf2 Kg7 23. Rbf1 b6 24. fxg5 hxg5 25. gxf5 Bb7 26. Be4 Bxe4 27. Qxe4 Bf6
28. Bxg5 Bxg5 29. Qg4 Kh6 30. h4 Rg8 31. hxg5+ Rxg5 32. Qxg5+ Kxg5 33. Rg2+ Kh4
34. Rh2+ Kg4 35. Rg2+ Kh4 36. f6 Rf8 37. Rff2 Qd5 38. f7 Qxg2+ 39. Kxg2 Kg5 40.
c4 Kg6 41. a4 Rxf7 42. Rxf7 Kxf7 43. Kf3 Ke7 44. Kf4 Kd6 45. Ke4 1/2-1/2

[Event "GBR-ch108 Senior 65+"]
[Site "Torquay"]
[Date "2022.08.17"]
[Round "3.10"]
[White "Fryer, David W"]
[Black "Hutchinson, Paul A"]
[Result "0-1"]
[WhiteElo "1875"]
[BlackElo "2083"]
[PlyCount "82"]
[EventDate "2022.08.15"]
[EventType "swiss"]
[EventRounds "7"]
[EventCountry "GBR"]
[SourceTitle "BritBase"]
[Source "John Saunders"]
[SourceDate "2021.06.05"]
[SourceVersion "1"]
[SourceVersionDate "2021.06.05"]
[SourceQuality "1"]
[WhiteTeam "England"]
[BlackTeam "England"]
[WhiteTeamCountry "ENG"]
[BlackTeamCountry "ENG"]

1. Nf3 d5 2. g3 Nf6 3. Bg2 c5 4. O-O Nc6 5. d3 e5 6. Nbd2 h6 7. e4 d4 8. a4 Bd6
9. h3 Be6 10. Ne1 Nh7 11. f4 f6 12. f5 Bf7 13. h4 h5 14. Nc4 Be7 15. Bd2 Qc7
16. a5 O-O-O 17. Na3 Kb8 18. Nb5 Qd7 19. c4 Rdg8 20. a6 b6 21. Nf3 g6 22. Qe1
Nb4 23. Bxb4 cxb4 24. b3 g5 25. Kh2 Be8 26. Bh1 Qc8 27. Qe2 Qc5 28. Rfc1 Bd7
29. Nfxd4 exd4 30. e5 Rc8 31. e6 Bc6 32. Bxc6 Rxc6 33. Qe4 gxh4 34. Nxd4 hxg3+
35. Kg2 Rc7 36. Rf1 Ng5 37. Qh4 Rd8 38. Nb5 Rxd3 39. Nxc7 Rd2+ 40. Kxg3 Qe3+
41. Rf3 Qxf3# 0-1

[Event "GBR-ch108 Senior 65+"]
[Site "Torquay"]
[Date "2022.08.17"]
[Round "3.11"]
[White "Michaud, Gerald"]
[Black "Girdlestone, Paul C"]
[Result "1-0"]
[WhiteElo "1871"]
[BlackElo "2023"]
[PlyCount "51"]
[EventDate "2022.08.15"]
[EventType "swiss"]
[EventRounds "7"]
[EventCountry "GBR"]
[SourceTitle "BritBase"]
[Source "John Saunders"]
[SourceDate "2021.06.05"]
[SourceVersion "1"]
[SourceVersionDate "2021.06.05"]
[SourceQuality "1"]
[WhiteTeam "Canada"]
[BlackTeam "England"]
[WhiteTeamCountry "CAN"]
[BlackTeamCountry "ENG"]

1. d4 c5 2. c3 e6 3. Nf3 Nf6 4. Bf4 d5 5. Nbd2 Nc6 6. e3 Qb6 7. Qb3 c4 8. Qc2
Bd7 9. h3 Be7 10. Be2 h6 11. h4 Ng4 12. Ne5 Ngxe5 13. dxe5 Qc7 14. Nf3 Rc8 15.
Rd1 Qa5 16. e4 Nb8 17. exd5 exd5 18. Nd4 O-O 19. Nf5 Bxf5 20. Qxf5 Rcd8 21. Rh3
g6 22. Rg3 Kh7 23. Qh3 f5 24. exf6 Bd6 25. Qe6 Bc5 26. Bxb8 1-0

[Event "GBR-ch108 Senior 65+"]
[Site "Torquay"]
[Date "2022.08.17"]
[Round "3.12"]
[White "Bray, David"]
[Black "Costello, Colin A"]
[Result "1/2-1/2"]
[WhiteElo "2006"]
[BlackElo "1866"]
[PlyCount "62"]
[EventDate "2022.08.15"]
[EventType "swiss"]
[EventRounds "7"]
[EventCountry "GBR"]
[SourceTitle "BritBase"]
[Source "John Saunders"]
[SourceDate "2021.06.05"]
[SourceVersion "1"]
[SourceVersionDate "2021.06.05"]
[SourceQuality "1"]
[WhiteTeam "England"]
[BlackTeam "England"]
[WhiteTeamCountry "ENG"]
[BlackTeamCountry "ENG"]

1. d4 Nf6 2. c4 e6 3. g3 d5 4. Bg2 Bb4+ 5. Bd2 Be7 6. Nf3 O-O 7. Qc2 Nbd7 8.
O-O Ne4 9. Bf4 Bd6 10. Bxd6 Nxd6 11. Nbd2 c6 12. e4 dxe4 13. Nxe4 Nf6 14. Nxf6+
Qxf6 15. Rfe1 Rd8 16. Rad1 Bd7 17. Ne5 Be8 18. Qb3 Rac8 19. Qc3 a6 20. a4 Nf5
21. a5 Ne7 22. b4 Ng6 23. Qe3 Qe7 24. Nxg6 hxg6 25. c5 Qf6 26. Qe5 Rd7 27. Qxf6
gxf6 28. Rd2 Rcd8 29. Red1 f5 30. f4 f6 31. Kf2 Bf7 1/2-1/2

[Event "GBR-ch108 Senior 65+"]
[Site "Torquay"]
[Date "2022.08.17"]
[Round "3.13"]
[White "Bennett, Patrick"]
[Black "Marshall, Michael"]
[Result "0-1"]
[WhiteElo "1963"]
[BlackElo "1829"]
[PlyCount "118"]
[EventDate "2022.08.15"]
[EventType "swiss"]
[EventRounds "7"]
[EventCountry "GBR"]
[SourceTitle "BritBase"]
[Source "John Saunders"]
[SourceDate "2021.06.05"]
[SourceVersion "1"]
[SourceVersionDate "2021.06.05"]
[SourceQuality "1"]
[WhiteTeam "Wales"]
[BlackTeam "Denmark"]
[WhiteTeamCountry "WLS"]
[BlackTeamCountry "DEN"]

1. d4 Nf6 2. c4 e6 3. Nf3 d5 4. Nc3 Nbd7 5. Bg5 Be7 6. cxd5 exd5 7. e3 h6 8.
Bh4 O-O 9. Bd3 b6 10. O-O Bb7 11. Bg3 Ne4 12. Nd2 Nxg3 13. hxg3 Nf6 14. Qf3 Re8
15. Rac1 Rc8 16. Bf5 Rb8 17. Rfd1 c5 18. Nb3 c4 19. Nd2 g6 20. Bb1 Bc8 21. Qf4
Bd6 22. Qxh6 Ng4 23. Qh4 Be7 24. Qh1 Kg7 25. Kf1 Rh8 26. Qg1 Bg5 27. Ke2 Re8
28. Nf1 Rb7 29. Re1 Rbe7 30. Kd2 Qd6 31. Rcd1 b5 32. a3 b4 33. axb4 Qxb4 34.
Kc1 Rb7 35. Rd2 Be6 36. f4 Bd8 37. e4 dxe4 38. Bxe4 Rbe7 39. d5 Bb6 40. Qh1 Bf5
41. d6 Rxe4 42. Rxe4 Bxe4 43. d7 Rh8 44. Qxh8+ Kxh8 45. Nxe4 Qa5 46. Nc3 Nf6
47. Rd6 Kg7 48. Nd2 Bd8 49. Rd4 Qf5 50. Nxc4 Nxd7 51. Ne5 Nxe5 52. Rxd8 Nd3+
53. Kc2 Nxf4+ 54. Kb3 Qe6+ 55. Kc2 Nxg2 56. Rd2 Ne3+ 57. Kc1 Qh3 58. b4 Qf1+
59. Nd1 Qc4+ 0-1

[Event "GBR-ch108 Senior 65+"]
[Site "Torquay"]
[Date "2022.08.17"]
[Round "3.14"]
[White "Collinson, Mark I"]
[Black "Milnes, Anthony C P"]
[Result "1-0"]
[WhiteElo "1854"]
[BlackElo "1957"]
[PlyCount "73"]
[EventDate "2022.08.15"]
[EventType "swiss"]
[EventRounds "7"]
[EventCountry "GBR"]
[SourceTitle "BritBase"]
[Source "John Saunders"]
[SourceDate "2021.06.05"]
[SourceVersion "1"]
[SourceVersionDate "2021.06.05"]
[SourceQuality "1"]
[WhiteTeam "England"]
[BlackTeam "England"]
[WhiteTeamCountry "ENG"]
[BlackTeamCountry "ENG"]

1. d4 e6 2. Nf3 f5 3. h3 Nf6 4. g4 fxg4 5. hxg4 Nxg4 6. Qd3 Nf6 7. Ne5 d6 8.
Rxh7 dxe5 9. Qg6+ Kd7 10. Rxh8 Bb4+ 11. c3 Qxh8 12. cxb4 exd4 13. Bf4 Nc6 14.
Nd2 Nd5 15. Bg3 Ncxb4 16. Bg2 Ne7 17. Qe4 Nf5 18. O-O-O Qf8 19. a3 Nc6 20. Nb3
Nxg3 21. fxg3 e5 22. Rf1 Qd6 23. Qg4+ Kd8 24. Qg5+ Qe7 25. Rf8+ Kd7 26. Bh3+
Kd6 27. Qg6+ Kd5 28. Rf7 Bxh3 29. Rxe7 Nxe7 30. Qxg7 Kd6 31. Qh6+ Be6 32. Nc5
Kxc5 33. Qxe6 Nc6 34. b4+ Kb6 35. Qc4 Nd8 36. Qc5+ Ka6 37. Qa5# 1-0

[Event "GBR-ch108 Senior 65+"]
[Site "Torquay"]
[Date "2022.08.17"]
[Round "3.15"]
[White "Stimpson, Philip M"]
[Black "Whiteside, Robert"]
[Result "1/2-1/2"]
[WhiteElo "1950"]
[BlackElo "1816"]
[PlyCount "59"]
[EventDate "2022.08.15"]
[EventType "swiss"]
[EventRounds "7"]
[EventCountry "GBR"]
[SourceTitle "BritBase"]
[Source "John Saunders"]
[SourceDate "2021.06.05"]
[SourceVersion "1"]
[SourceVersionDate "2021.06.05"]
[SourceQuality "1"]
[WhiteTeam "England"]
[BlackTeam "England"]
[WhiteTeamCountry "ENG"]
[BlackTeamCountry "ENG"]

1. d4 Nf6 2. Nc3 e6 3. Bf4 c5 4. e3 a6 5. d5 d6 6. Nf3 e5 7. Bg5 Be7 8. e4 b5
9. a3 O-O 10. b4 Nbd7 11. h3 Qc7 12. Qd3 Bb7 13. Ne2 Rfc8 14. c3 h6 15. Bxf6
Nxf6 16. Ng3 cxb4 17. cxb4 Qc3+ 18. Qxc3 Rxc3 19. Kd2 Rac8 20. Bd3 g6 21. Rhc1
Rxc1 22. Rxc1 Rxc1 23. Kxc1 Bd8 24. Kd2 Nd7 25. Nf1 Nb6 26. Ne3 Na4 27. Kc2 Bb6
28. Nd2 Kg7 29. Nb3 Kf6 30. Kd2 1/2-1/2

[Event "GBR-ch108 Senior 65+"]
[Site "Torquay"]
[Date "2022.08.17"]
[Round "3.17"]
[White "Ingham, H William"]
[Black "Moore, John C"]
[Result "1/2-1/2"]
[WhiteElo "1842"]
[BlackElo "1946"]
[PlyCount "85"]
[EventDate "2022.08.15"]
[EventType "swiss"]
[EventRounds "7"]
[EventCountry "GBR"]
[SourceTitle "BritBase"]
[Source "John Saunders"]
[SourceDate "2021.06.05"]
[SourceVersion "1"]
[SourceVersionDate "2021.06.05"]
[SourceQuality "1"]
[WhiteTeam "England"]
[BlackTeam "England"]
[WhiteTeamCountry "ENG"]
[BlackTeamCountry "ENG"]

1. d4 Nf6 2. Nf3 g6 3. Bf4 d6 4. c4 Bg7 5. e3 O-O 6. Be2 c6 7. Nc3 a6 8. O-O b5
9. cxb5 axb5 10. a3 Bb7 11. d5 Nxd5 12. Nxd5 cxd5 13. Qb3 Nd7 14. Bxb5 Nc5 15.
Qc2 Qb6 16. Qe2 Nb3 17. Rad1 e5 18. Bg3 d4 19. a4 d3 20. Qxd3 Nc5 21. Qxd6 Qxd6
22. Rxd6 Nxa4 23. b3 Nc3 24. Bc4 Ne4 25. Rb6 Nxg3 26. hxg3 Bxf3 27. gxf3 Rfb8
28. Rd6 Rd8 29. Rfd1 Rxd6 30. Rxd6 Ra7 31. Rd8+ Bf8 32. Re8 Re7 33. Rc8 Rb7 34.
Bd5 Rd7 35. e4 Kg7 36. Rb8 Bd6 37. Rb6 Bc5 38. Rb5 Rc7 39. b4 Bd4 40. Rb7 Rxb7
41. Bxb7 g5 42. f4 gxf4 43. gxf4 1/2-1/2

[Event "GBR-ch108 Senior 65+"]
[Site "Torquay"]
[Date "2022.08.17"]
[Round "3.18"]
[White "Smith, David"]
[Black "Vickery, Jim E"]
[Result "1/2-1/2"]
[WhiteElo "1831"]
[BlackElo "1927"]
[PlyCount "72"]
[EventDate "2022.08.15"]
[EventType "swiss"]
[EventRounds "7"]
[EventCountry "GBR"]
[SourceTitle "BritBase"]
[Source "John Saunders"]
[SourceDate "2021.06.05"]
[SourceVersion "1"]
[SourceVersionDate "2021.06.05"]
[SourceQuality "1"]
[WhiteTeam "England"]
[BlackTeam "England"]
[WhiteTeamCountry "ENG"]
[BlackTeamCountry "ENG"]

1. e4 Nf6 2. e5 Nd5 3. d4 d6 4. c4 Nb6 5. exd6 cxd6 6. Nc3 g6 7. Be3 Bg7 8. Nf3
O-O 9. Bd3 Bg4 10. h3 Bxf3 11. Qxf3 Nc6 12. d5 Ne5 13. Qe2 Rc8 14. Bd4 Nxd3+
15. Qxd3 Bxd4 16. Qxd4 Rxc4 17. Qd3 Qd7 18. O-O Qf5 19. Qxf5 gxf5 20. Rfe1 Re8
21. Nb5 Re4 22. Rxe4 fxe4 23. Re1 f5 24. Nd4 Nxd5 25. Nxf5 Nf6 26. f3 exf3 27.
gxf3 Kf7 28. Rc1 Rd8 29. Re1 Rd7 30. Kf2 Rc7 31. Rg1 Rc2+ 32. Ke3 Rxb2 33. Rg7+
Ke6 34. Nd4+ Kd7 35. Nf5 Ke6 36. Nd4+ Kd7 1/2-1/2

[Event "GBR-ch108 Senior 65+"]
[Site "Torquay"]
[Date "2022.08.17"]
[Round "3.19"]
[White "Barton, R Alan"]
[Black "Moore, Gillian A"]
[Result "1/2-1/2"]
[WhiteElo "1926"]
[BlackElo "1768"]
[PlyCount "127"]
[EventDate "2022.08.15"]
[EventType "swiss"]
[EventRounds "7"]
[EventCountry "GBR"]
[SourceTitle "BritBase"]
[Source "John Saunders"]
[SourceDate "2021.06.05"]
[SourceVersion "1"]
[SourceVersionDate "2021.06.05"]
[SourceQuality "1"]
[WhiteTeam "England"]
[BlackTeam "England"]
[WhiteTeamCountry "ENG"]
[BlackTeamCountry "ENG"]

1. Nf3 d5 2. c4 d4 3. g3 c5 4. Ne5 Nd7 5. Nxd7 Bxd7 6. Bg2 Qb6 7. Qb3 Bc6 8.
Qxb6 axb6 9. O-O e5 10. d3 Nf6 11. Bg5 Be7 12. Na3 Bxg2 13. Kxg2 Kd7 14. Nc2 h6
15. Bxf6 Bxf6 16. e4 h5 17. f4 Rhf8 18. fxe5 Bxe5 19. Rf5 Ke6 20. Rxh5 g6 21.
Rh7 Rh8 22. Rxh8 Rxh8 23. a4 Ra8 24. b3 Bg7 25. Rf1 Bh6 26. h4 f5 27. exf5+
gxf5 28. Kf3 Rg8 29. Ne1 Bd2 30. Ng2 Rg4 31. Rh1 Kf6 32. Rd1 Bh6 33. Re1 Rg8
34. h5 Bd2 35. Re2 Bh6 36. Nf4 Bxf4 37. Kxf4 Rh8 38. Rh2 Rh7 39. h6 Kg6 40. Rh1
Kf6 41. Rh5 Kg6 42. Rg5+ Kxh6 43. Rxf5 Kg6 44. Ke4 Rh3 45. Rf3 Rh1 46. Rf8 Re1+
47. Kd5 Re3 48. Rd8 Rxd3 49. Rd6+ Kf5 50. Rxb6 Rxg3 51. Kxc5 Ke4 52. Rxb7 d3
53. Re7+ Kf3 54. Rd7 Ke2 55. a5 d2 56. Rxd2+ Kxd2 57. b4 Kc3 58. b5 Rg5+ 59.
Kc6 Kxc4 60. b6 Rc5+ 61. Kd6 Rxa5 62. b7 Rb5 63. Kc7 Rxb7+ 64. Kxb7 1/2-1/2

[Event "GBR-ch108 Senior 65+"]
[Site "Torquay"]
[Date "2022.08.17"]
[Round "3.20"]
[White "Matthew, Ian G"]
[Black "De Coverly, Roger D"]
[Result "0-1"]
[WhiteElo "1816"]
[BlackElo "1918"]
[PlyCount "22"]
[EventDate "2022.08.15"]
[EventType "swiss"]
[EventRounds "7"]
[EventCountry "GBR"]
[SourceTitle "BritBase"]
[Source "John Saunders"]
[SourceDate "2021.06.05"]
[SourceVersion "1"]
[SourceVersionDate "2021.06.05"]
[SourceQuality "1"]
[WhiteTeam "England"]
[BlackTeam "England"]
[WhiteTeamCountry "ENG"]
[BlackTeamCountry "ENG"]

1. e4 e5 2. Bc4 Nf6 3. d3 Nc6 4. f4 Bc5 5. Nc3 d6 6. f5 Nd4 7. Na4 b5 8. Nxc5
dxc5 9. Bb3 c4 10. c3 Nxb3 11. axb3 Qxd3 0-1

[Event "GBR-ch108 Senior 65+"]
[Site "Torquay"]
[Date "2022.08.17"]
[Round "3.23"]
[White "Berkley, Stephen W"]
[Black "Habershon, Paul F"]
[Result "1/2-1/2"]
[WhiteElo "1562"]
[BlackElo "1949"]
[PlyCount "117"]
[EventDate "2022.08.15"]
[EventType "swiss"]
[EventRounds "7"]
[EventCountry "GBR"]
[SourceTitle "BritBase"]
[Source "John Saunders"]
[SourceDate "2021.06.05"]
[SourceVersion "1"]
[SourceVersionDate "2021.06.05"]
[SourceQuality "1"]
[WhiteTeam "England"]
[BlackTeam "England"]
[WhiteTeamCountry "ENG"]
[BlackTeamCountry "ENG"]

1. d4 Nf6 2. c4 e6 3. Nc3 c5 4. d5 exd5 5. cxd5 d6 6. e4 g6 7. Nge2 Bg7 8. Ng3
O-O 9. Be2 Na6 10. O-O Nc7 11. a4 Rb8 12. a5 b5 13. axb6 axb6 14. Nb5 Nxb5 15.
Bxb5 Bd7 16. Qe2 Qe8 17. Bxd7 Qxd7 18. f3 b5 19. Qc2 Rfc8 20. Bf4 Ne8 21. Ra6
Bd4+ 22. Kh1 Ra8 23. Rfa1 Qb7 24. Rxa8 Rxa8 25. Rxa8 Qxa8 26. Qb1 Qa4 27. Ne2
Bg7 28. b3 Qb4 29. Qd1 c4 30. bxc4 bxc4 31. Nd4 Qc3 32. Nc2 h5 33. h3 Bf6 34.
Qb1 Qb3 35. Qxb3 cxb3 36. Na3 Bd4 37. g4 hxg4 38. hxg4 Bc5 39. Nb1 Nc7 40. Kg2
Nb5 41. Bc1 Bd4 42. Bd2 Kf8 43. Kf1 Bc5 44. Bc3 Nxc3 45. Nxc3 Bd4 46. Nb1 g5
47. Ke2 Ke7 48. Kd3 Be5 49. Nd2 b2 50. Kc2 Bd4 51. Nc4 Bg7 52. Nxb2 Bxb2 53.
Kxb2 Kf6 54. Kc3 Ke5 55. Kd3 Kf4 56. Ke2 Ke5 57. Kd3 Kf4 58. Ke2 Ke5 59. Kd3
1/2-1/2

[Event "GBR-ch108 Senior 65+"]
[Site "Torquay"]
[Date "2022.08.17"]
[Round "3.25"]
[White "Gunn, Michael J"]
[Black "Collins, Peter M"]
[Result "1-0"]
[WhiteElo "1598"]
[BlackElo "1831"]
[PlyCount "56"]
[EventDate "2022.08.15"]
[EventType "swiss"]
[EventRounds "7"]
[EventCountry "GBR"]
[SourceTitle "BritBase"]
[Source "John Saunders"]
[SourceDate "2021.06.05"]
[SourceVersion "1"]
[SourceVersionDate "2021.06.05"]
[SourceQuality "1"]
[WhiteTeam "England"]
[BlackTeam "England"]
[WhiteTeamCountry "ENG"]
[BlackTeamCountry "ENG"]

1. e4 e6 2. d4 d5 3. Nd2 c5 4. c3 b6 5. e5 Ba6 6. Bxa6 Nxa6 7. Qa4+ Qd7 8. Qxa6
cxd4 9. cxd4 Ne7 10. Qd3 Nc6 11. a3 g6 12. Ne2 Bg7 13. Nf3 O-O 14. O-O Rac8 15.
Bd2 h6 16. Rac1 Ne7 17. Ng3 Nf5 18. Nxf5 exf5 19. Rxc8 Rxc8 20. Rc1 Rxc1+ 21.
Bxc1 Qa4 22. Be3 b5 23. Qd2 Kh7 24. g3 a5 25. Ne1 b4 26. axb4 axb4 27. Nd3 b3
28. Nc5 Qa2 1-0

[Event "GBR-ch108 Senior 65+"]
[Site "Torquay"]
[Date "2022.08.17"]
[Round "3.26"]
[White "Blewitt, Stephen"]
[Black "Norman, Dinah M"]
[Result "1/2-1/2"]
[WhiteElo "1776"]
[BlackElo "1670"]
[PlyCount "60"]
[EventDate "2022.08.15"]
[EventType "swiss"]
[EventRounds "7"]
[EventCountry "GBR"]
[SourceTitle "BritBase"]
[Source "John Saunders"]
[SourceDate "2021.06.05"]
[SourceVersion "1"]
[SourceVersionDate "2021.06.05"]
[SourceQuality "1"]
[WhiteTeam "England"]
[BlackTeam "England"]
[WhiteTeamCountry "ENG"]
[BlackTeamCountry "ENG"]

1. d4 d5 2. Nf3 Nf6 3. Bg5 e6 4. e3 c5 5. c3 Nc6 6. h3 h6 7. Bf4 Be7 8. Nbd2
Bd7 9. Ne5 Rc8 10. Be2 cxd4 11. exd4 a6 12. O-O O-O 13. Bd3 Na7 14. a4 Nc6 15.
g4 Nxe5 16. Bxe5 Ne8 17. Nf3 b5 18. Qe2 bxa4 19. Bxa6 Ra8 20. Rfb1 Bc6 21. Bb5
Bxb5 22. Qxb5 Nd6 23. Bxd6 Qxd6 24. Rxa4 Rxa4 25. Qxa4 Qf4 26. Ne5 Bd6 27. Re1
Bxe5 28. Rxe5 Qc1+ 29. Kg2 Qxb2 30. Re3 Qb7 1/2-1/2

[Event "GBR-ch108 Senior 65+"]
[Site "Torquay"]
[Date "2022.08.17"]
[Round "3.27"]
[White "Jerome, Stellio"]
[Black "Smith, Graham"]
[Result "1-0"]
[WhiteElo "1441"]
[BlackElo "1985"]
[PlyCount "71"]
[EventDate "2022.08.15"]
[EventType "swiss"]
[EventRounds "7"]
[EventCountry "GBR"]
[SourceTitle "BritBase"]
[Source "John Saunders"]
[SourceDate "2021.06.05"]
[SourceVersion "1"]
[SourceVersionDate "2021.06.05"]
[SourceQuality "1"]
[WhiteTeam "England"]
[BlackTeam "England"]
[WhiteTeamCountry "ENG"]
[BlackTeamCountry "ENG"]

1. g4 d5 2. h3 h5 3. gxh5 Nf6 4. Bg2 Nxh5 5. d3 g6 6. c4 dxc4 7. Qa4+ c6 8.
Qxc4 Be6 9. Qc2 Bg7 10. Nf3 f6 11. Nc3 O-O 12. d4 Bf7 13. e3 Na6 14. a3 Qd7 15.
Nh4 f5 16. Bf3 Nf6 17. Rg1 Kh7 18. Bd2 c5 19. d5 Rab8 20. O-O-O e5 21. dxe6
Qxe6 22. e4 Nxe4 23. Nxe4 fxe4 24. Bxe4 Bxb2+ 25. Kxb2 Qa2+ 26. Kc1 Qa1+ 27.
Qb1 Qxa3+ 28. Qb2 Qxb2+ 29. Kxb2 Rbe8 30. f3 Re6 31. Bc3 Rb6+ 32. Kc1 Rb3 33.
Kc2 Nb4+ 34. Bxb4 cxb4 35. Bxg6+ Kh6 36. Ra1 1-0